000 00226nam a22000977a 4500
041 _aENG
100 _aBhupendra chhabara
245 _aDigital Electronics & microprcessors
260 _aDilhi
_bDhanpat Rai
_c1999
300 _a436
999 _c3252
_d3252